نافذة مضيئة على الدنيا : (رقم التسجيلة. 135360)

تفاصيل مارك
000 -الفاتح
عناصر البيانات ثابتة الطول 00705cam a2200193 i 4500
005 - تاريخ ووقت آخر معاملة
حقل ضبط 20260204124614.0
008 - عناصر البيانات ثابتة الطول
عناصر البيانات ثابتة الطول 250721s2014 sy gr 000 0 ara d
020 ## - الترقيم الدولي المعياري للكتب (ردمك)
الترقيم الدولي المعياري للكتب (ردمك) 9789773768034
082 14 - رقم تصنيف ديوي العشري
رقم التصنيف 398.9
رقم المادة ط ا ئ
100 1# - مدخل رئيسي – اسم شخصي
الاسم الشخصي الطائي، لينا
علاقة الشخص بالعمل/ دوره مؤلف.
245 10 - بيان العنوان
العنوان نافذة مضيئة على الدنيا :
بقية العنوان أقوال وأمثال خالدة /
بيان المسؤولية تأليف لينا عصام الطائي.
250 ## - بيان الطبعة
بيان الطبعة الطبعة الأولى.
264 31 - بيانات النشر، التوزيع…إلخ
مكان النشر، التوزيع...إلخ القاهرة :
اسم الناشر، الموزع...إلخ دار الكتاب العربي،
تاريخ النشر، التوزيع...إلخ 2014.
300 ## - الوصف المادي
عدد الوحدات المكونة للوعاء 318 صفحة.
650 17 - مدخل إضافي بالموضوع - مصطلح موضوعي
مصطلح موضوعي أو اسم جغرافي كعنصر مدخل الاقوال المأثورة.
650 17 - مدخل إضافي بالموضوع - مصطلح موضوعي
مصطلح موضوعي أو اسم جغرافي كعنصر مدخل الحكم(الامثال).
942 ## - بيانات إضافية (كوها)
نوع التنصيف Dewey Decimal Classification
نوع المادة (كوها) كتب
المقتنيات
حالة السحب حالة الفقدان مصدر التصنيف حالة التلف غير قابل للإعارة المكتبة الرئيسية المكتبة الحالية موقع الرف تاريخ التزويد الرقم المتسلسل Total Checkouts رقم الإستدعاء الباركود تاريخ آخر ظهور تاريخ الفاتورة نوع المادة (كوها)
    Dewey Decimal Classification     المكتبة المركزية المكتبة المركزية الإعارة 28/07/2025 1643469   398.9 / ط ا ئ PLD00394792 28/07/2025 28/07/2025 كتب
    Dewey Decimal Classification     مكتبة أبو علندا العامة مكتبة أبو علندا العامة الإعارة 22/09/2016 1643473   398.9/طائ PLD00395612 28/07/2025 22/09/2016 كتب
    Dewey Decimal Classification     مكتبة الحسن العامة مكتبة الحسن العامة الإعارة 22/09/2016 1643471   398.9/طائ PLD00395610 28/07/2025 22/09/2016 كتب
    Dewey Decimal Classification     مكتبة صويلح العامة مكتبة صويلح العامة الإعارة 22/09/2016 1643472   398.9/طائ PLD00395611 28/07/2025 22/09/2016 كتب
Implemented & Customized by: BBB with SCIT (Smart Chains for Information Technology)

Powered by Koha